| 000 | 02510nam a2200481 a 4500 | ||
|---|---|---|---|
| 999 |
_c382658 _d382658 |
||
| 003 | BLK | ||
| 005 | 20250212133205.0 | ||
| 008 | 200815b bul|||||r ||||||| ||bul|| | ||
| 020 | _a9786190105770 | ||
| 040 | _aBLK | ||
| 041 |
_aBUL _cBUL |
||
| 080 |
_aИстория на Германия _b94(430) _x(092)(093.3) _z94(430)(092)(093.3) |
||
| 080 |
_aФашистки партии _b329.18 _x(430)(091)(092)(093.3) _z329.18(430)(091)(092)(093.3) |
||
| 080 |
_aНемски политик, диктатор, райхспрезидент на Германия, фюрер и райхсканцлер, лидер на Националсоциалистическата германска работническа партия (NSDAP) _b929 Хитлер, Адолф _z929 Хитлер, Адолф |
||
| 100 |
_9427987 _aКършоу, Иън _eпърви автор |
||
| 139 |
_aКършоу, Иън _bХ 53 |
||
| 245 | 1 | 0 |
_aХитлер _cИън Кършоу; прев. от англ. Мария Кондакова. _nТ. 1 |
| 257 | _aGBR | ||
| 260 |
_aСофия _bИзток-Запад _c2020 |
||
| 300 | _c24 см | ||
| 380 | _a9 | ||
| 500 | _aОриг. загл. Hitler / Ian Kershaw. | ||
| 600 | 1 | 4 |
_aХитлер, Адолф _d1889-1945 _gНемски политик, диктатор, райхспрезидент на Германия, фюрер и райхсканцлер, лидер на Националсоциалистическата германска работническа партия (NSDAP) _9137148 |
| 650 | 4 |
_aФашизъм - Германия - история _9246497 |
|
| 650 | 4 |
_aНационалсоциализъм - Германия _9163821 |
|
| 650 | 4 |
_aПолитици, немски - спомени _9244122 |
|
| 650 | 4 |
_aГермания - история, нова _9243416 |
|
| 650 | 4 |
_aХитлер, Адолф _9137148 |
|
| 651 | 4 |
_aГермания _9178754 |
|
| 653 | _aХитлер | ||
| 653 | _aфашизъм | ||
| 653 | _aнационалсоциализъм | ||
| 653 | _aполитици | ||
| 653 | _aГермания | ||
| 653 | _aистория | ||
| 700 |
_aКондакова, Мария Атанасова _d1969 - _gПреводач от английски език _9286302 |
||
| 760 |
_aКършоу, Иън _dСофия, Изток-Запад _h544 с. _oТ. 1 _tХитлер |
||
| 856 | 4 | _qpdf | |
| 856 | 4 | _qpdf | |
| 942 |
_cKNG _n0 _05 _s1 |
||
| 944 |
_c2020-08-15 _k30540 _lСевдалина Тодорова |
||
| 999 | _d382658 | ||